| 000 | 00551nam a2200157Ia 4500 | ||
|---|---|---|---|
| 003 | GCL | ||
| 005 | 20240530103825.0 | ||
| 008 | 140319s9999 xx 000 0 ara d | ||
| 040 |
_aGCL / _cGCL |
||
| 082 | 0 | 4 |
_a338.5\ _bك م |
| 100 | 0 | _4كامل بكرى | |
| 245 | 1 | 0 |
_aمقدمة فى اقتصاديات الموارد / _cكامل بكرى ، عبدالنعيم مبارك ، احمد مندور |
| 260 |
_aبيروت : _bدار النهضة العربية للطباعة والنشر ، _c1988 |
||
| 300 |
_a402 ص ؛ _c24 سم |
||
| 942 |
_2ddc _cBK |
||
| 999 |
_c42776 _d42776 |
||